A primer of electrocardiography (Record no. 8131)
[ view plain ]
| 000 -LEADER | |
|---|---|
| fixed length control field | 00795cam a2200253 4500 |
| 001 - CONTROL NUMBER | |
| control field | 4632523 |
| 003 - CONTROL NUMBER IDENTIFIER | |
| control field | OSt |
| 005 - DATE AND TIME OF LATEST TRANSACTION | |
| control field | 20230412101429.0 |
| 008 - FIXED-LENGTH DATA ELEMENTS--GENERAL INFORMATION | |
| fixed length control field | 720320s1972 paua 001 0 eng |
| 010 ## - LIBRARY OF CONGRESS CONTROL NUMBER | |
| LC control number | 78146022 |
| 020 ## - INTERNATIONAL STANDARD BOOK NUMBER | |
| International Standard Book Number | 0812103378 |
| 040 ## - CATALOGING SOURCE | |
| Original cataloging agency | DLC |
| Transcribing agency | DLC |
| Modifying agency | DLC |
| 050 00 - LIBRARY OF CONGRESS CALL NUMBER | |
| Classification number | RC683.5.E5 |
| Item number | B78 1972 |
| 082 00 - DEWEY DECIMAL CLASSIFICATION NUMBER | |
| Classification number | WG 140B892 1972 |
| 100 1# - MAIN ENTRY--PERSONAL NAME | |
| Personal name | Burch, George E. |
| Fuller form of name | (George Edward ), |
| Dates associated with a name | 1910- |
| 9 (RLIN) | 16608 |
| 245 12 - TITLE STATEMENT | |
| Title | A primer of electrocardiography |
| Statement of responsibility, etc. | [by] George E. Burch [and] Travis Winsor. |
| 250 ## - EDITION STATEMENT | |
| Edition statement | 6th ed. |
| 260 ## - PUBLICATION, DISTRIBUTION, ETC. (IMPRINT) | |
| Place of publication, distribution, etc. | Philadelphia, |
| Name of publisher, distributor, etc. | Lea & Febiger, |
| Date of publication, distribution, etc. | 1972. |
| 300 ## - PHYSICAL DESCRIPTION | |
| Extent | xiv, 292 p. |
| Other physical details | illus. |
| Dimensions | 25 cm. |
| 650 #0 - SUBJECT ADDED ENTRY--TOPICAL TERM | |
| Topical term or geographic name as entry element | Electrocardiography. |
| 9 (RLIN) | 14848 |
| 700 1# - ADDED ENTRY--PERSONAL NAME | |
| Personal name | Winsor, Travis, |
| Dates associated with a name | 1914- |
| Relator term | joint author. |
| 9 (RLIN) | 16609 |
| 906 ## - LOCAL DATA ELEMENT F, LDF (RLIN) | |
| a | 7 |
| b | cbc |
| c | orignew |
| d | 2 |
| e | ncip |
| f | 19 |
| g | y-gencatlg |
| 942 ## - ADDED ENTRY ELEMENTS (KOHA) | |
| Source of classification or shelving scheme | Dewey Decimal Classification |
| Koha item type | Open Shelf |
| Withdrawn status | Lost status | Source of classification or shelving scheme | Damaged status | Not for loan | Home library | Current library | Date acquired | Source of acquisition | Inventory number | Total Checkouts | Full call number | Barcode | Date last seen | Price effective from | Koha item type |
|---|---|---|---|---|---|---|---|---|---|---|---|---|---|---|---|
| Other/Generic Classification Scheme | MUST Main Library | MUST Main Library | 12/04/2023 | Purchase | 2773 | WG 140B892 1972 | 2023-0458 | 12/04/2023 | 12/04/2023 | Open Shelf |
